00923nam a2200217 a 4500001001000000003000500010005001700015008004100032010001100073011001100084040000900095100004100104245021200145260004100357500006000398502007700458650003200535650004200567650002600609856007000635000114987CHAP20220329144507.0180824s2018 mx |sm |||||||spa d a111448 a112420 cCHAP1 aVillareal Novelo, Felipe de Jesús.10aEvaluación del comportamiento fenológico de diez variedades de arándano alto (Vaccinium corymbosum L.) en el municipio de Unión de Tula, Jaliscoh[En línea]cpor Felipe de Jesús Villareal Novelo. aChapingo, Méx. :bEl autor,c2018. aPara ver el contenido del material haga clic en la liga aTesis (Ing. Agr. Esp. en Fitotecnia) -- UACH. Departamento de Fitotecnia14aArandanoxCultivozJalisco.14aArandanoxEfectos del medio ambiente.14aArandanoxVariedades. aFinding aiduhttp://10.13.5.2/tesis/sist114987.pdfzTeclea aquí